| 000 | 01000nam a2200265 i 4500 | ||
|---|---|---|---|
| 001 | 67095 | ||
| 003 | ES-MaACL | ||
| 005 | 20250806062527.0 | ||
| 007 | t| | ||
| 008 | 020226s2001 sp ||||1| spa d | ||
| 017 | _aM.26488 -2001 | ||
| 040 | _aBR-M | ||
| 080 | _a946.027 M."1936/1939" | ||
| 100 | 1 |
_aBenito Ruano, Eloy. _927689 |
|
| 245 | 1 | 0 |
_aTestimonio de un adolescente / _cpor Eloy Benito Ruano. |
| 260 |
_aMadrid : _bAyuntamiento, Area de Cultura, Educación, Juventud y Deportes : _bInstituto de Estudios Madrileños, _c2001. |
||
| 300 |
_a40 p. ; _c21 cm. |
||
| 490 | 1 |
_aCiclo de conferencias: El Madrid de la guerra y la posguerra ; _v14 |
|
| 500 | _aPrecede al tit.: Aula de cultura. | ||
| 651 | 4 |
_aMadrid- _xHistoria- _y1936-1939- _vRelatos personales. _9144312 |
|
| 710 | 2 |
_aInstituto de Estudios Madrileños _94916 |
|
| 830 | 0 |
_aCiclo de conferencias: El Madrid de la guerra y la posguerra ; _v14 _9230868 |
|
| 852 |
_aES-MaACL _j2172-F-1 _bR.130611 |
||
| 999 |
_c67095 _d67095 |
||